| 000 | 01053naa a2200277 c 4500 | ||
|---|---|---|---|
| 001 | 48267 | ||
| 003 | ES-MaCES | ||
| 005 | 20161003120554.0 | ||
| 008 | 161003s2016 sp ||||| t||||||| ||spa d | ||
| 040 |
_aES-MaCES _bspa _cES-MaCES _dES-MaCES |
||
| 100 | 1 |
_925081 _aTorres Salazar, Manuel |
|
| 245 | 1 | 0 |
_aDigitalización y economía circular _cManuel Torres |
| 650 | 4 |
_930653 _aglobalización económica |
|
| 650 | 4 |
_927074 _amodelo económico |
|
| 650 | 4 |
_927094 _acrecimiento económico |
|
| 650 | 4 |
_928236 _acambio tecnológico |
|
| 650 | 4 |
_929494 _acomputerización |
|
| 650 | 4 |
_928248 _aautomatización |
|
| 650 | 4 |
_928879 _aelaboración electrónica de datos |
|
| 650 | 4 |
_927082 _aconsecuencias económicas |
|
| 650 | 4 |
_927288 _aconsecuencias sociales |
|
| 653 | 1 | 0 | _aEconomía |
| 773 | 0 |
_985047 _dMadrid (Padilla, 6, 28006) Estudios de Política Exterior _o087945 _tPolítica exterior _w(ES-MaCES)25128 _gvol. 30, n. 172 (jul.-ag. 2016) {10110 R. 087945} ;p. 54-61 |
|
| 902 | _aART Artículo de revista | ||
| 942 |
_2CES _cAR _h0.0. |
||
| 999 |
_c48267 _d48267 |
||